To Receive Testimony on the Readiness and Operation and Maintenance Budgets of Marine Corps Components in Review of S. 675, the FY84 DOD Authorization Bill.

Secret.

Bibliographic Details
Corporate Author: United States. Congress. Senate. Committee on Armed Services. Subcommittee on Preparedness (other agent associated with work.)
Format: eBook
Language:English
Published: [Washington : U.S. G.P.O.], 1983.
Subjects:
Online Access:Electronic resource (PDF)

MARC

Tag First Indicator Second Indicator Subfields
LEADER 00000cam a22000001i 4500
001 in00004134049
005 20200117091050.0
006 m d f
007 cr bn mmmapmmp
008 091109s1983 dcu o f000 0 eng d
035 |a cis2007529722 
040 |a UMI  |b eng  |e rda  |c UMI  |d UtOrBLW 
043 |a a-le--- 
110 1 |a United States.  |b Congress.  |b Senate.  |b Committee on Armed Services,  |e issuing body.  |0 http://id.loc.gov/authorities/names/n84002801 
245 1 0 |a To Receive Testimony on the Readiness and Operation and Maintenance Budgets of Marine Corps Components in Review of S. 675, the FY84 DOD Authorization Bill. 
264 1 |a [Washington :  |b U.S. G.P.O.],  |c 1983. 
300 |a 20 pages, digital, PDF file. 
336 |a text  |2 rdacontent  |b txt 
337 |a computer  |b c  |2 rdamedia 
338 |a online resource  |2 rdacarrier  |b cr 
500 |a Record is based on bibliographic data in ProQuest Congressional Hearings Digital Collection (last viewed July 2018) Reuse except for individual research requires license from ProQuest, LLC. 
520 |a Secret. 
520 |a Hearing to assess USMC readiness in light of FY84 budget request, focusing on Lebanon deployment and other potential worldwide deployments. 
538 |a System requirements: PDF reader software. 
500 |a Electronic resource. 
650 0 |a Soldiers.  |0 http://id.loc.gov/authorities/subjects/sh85124554 
650 0 |a Logistics.  |0 http://id.loc.gov/authorities/subjects/sh85078128 
651 0 |a Lebanon.  |0 http://id.loc.gov/authorities/names/n79090014 
710 1 |a United States.  |b Congress.  |b Senate.  |b Committee on Armed Services.  |b Subcommittee on Preparedness,  |e other agent associated with work.  |0 http://id.loc.gov/authorities/names/n82061402 
730 0 |a ProQuest U.S. Congressional Hearings Digital Collection. 
776 0 8 |a United States. Congress. Senate. Committee on Armed Services.  |t To Receive Testimony on the Readiness and Operation and Maintenance Budgets of Marine Corps Components in Review of S. 675, the FY84 DOD Authorization Bill.  |o 98 SArs-T.3 
856 4 0 |u http://proxy.library.tamu.edu/login?url=http://congressional.proquest.com/congcomp/getdoc?HEARING-ID=HRG-1983-SAS-0049  |y Electronic resource (PDF)  |t 0 
999 f f |s d77590f6-7320-39b0-89d3-d9c96fcdcffa  |i b78f3ae1-c137-36e2-8e6c-df13425ae0ca  |t 0 
952 f f |a Texas A&M University  |b College Station  |c Electronic Resources  |d Available Online  |t 0  |h No information provided 
998 f f |t 0  |l Available Online